Efektywność procesu szlifowania ściernicami z żużla pomiedziowego / (Rekord nr 3545)
| 000 -ETYKIETA REKORDU | |
|---|---|
| podpole kontrolne o stałej długości | 01150nab a2200241 i 4500 |
| 001 - NUMER KONTROLNY REKORDU | |
| podpole kontrolne | BPP |
| 003 - IDENTYFIKATOR NUMERU KONTROLNEGO REKORDU | |
| podpole kontrolne | BPK |
| 005 - DATA OSTATNIEJ MODYFIKACJI REKORDU | |
| podpole kontrolne | 20190610114405.0 |
| 008 - POLE O STAŁEJ DŁUGOŚCI - DANE KONTROLNE | |
| podpole kontrolne o stałej długości | 141211s1989 pl | | |000 ||pol |
| 040 ## - ŹRÓDŁO KATALOGOWANIA | |
| Instytucja, która utworzyła rekord | BPK |
| 080 ## - UNIWERSALNA KLASYFIKACJA DZIESIĘTNA - UKD | |
| UKD | 621.92 |
| 080 ## - UNIWERSALNA KLASYFIKACJA DZIESIĘTNA - UKD | |
| UKD | 691 |
| 100 ## - NAZWA OSOBOWA | |
| Nazwa osobowa | SŁOWIŃSKI, Bronisław. |
| Lata pracy | 1972 - 1996. |
| Instytucja | Wyższa Szkoła Inżynierska w Koszalinie - Wydział Mechaniczny, |
| Wydział | Zakład Technologii Maszyn |
| 245 ## - TYTUŁ/ODPOWIEDZIALNOŚĆ | |
| Tytuł | Efektywność procesu szlifowania ściernicami z żużla pomiedziowego / |
| Pozostałe elementy strefy tytułu i oznaczenia odpowiedzialności | Bronisław Słowiński. |
| 260 ## - STREFA ADRESU WYDAWNICZEGO | |
| Data publikacji, dystrybucji/powstania dokumentu | 1989. |
| 500 ## - UWAGI OGÓLNE | |
| Tekst uwagi | Dane z autopsji. |
| 520 ## - UWAGA DOTYCZĄCA TREŚCI DOKUMENTU | |
| Analiza dokumentacyjna, adnotacja itp. | W artykule rozpatrzono skuteczność pracy spojonych narzędzi ściernych, w których zastępowano ścierniwo lub spoiwo żużlem pomiedziowym. Wykazano, że jest niecelowe stosowanie tego materiału odpadowego jako ścierniwa do spojonych narzędzi ściernych - używanych w procesach szlifowania. Może on być jednak z pozytywnym skutkiem stosowany jako spoiwo do tego typu narzędzi. |
| 650 #0 - HASŁO PRZEDMIOTOWE W FORMIE NAZWY OGÓLNEJ LUB JEDNOSTKOWEJ | |
| Nazwa ogólna lub geograficzna | Żużel. |
| 650 #0 - HASŁO PRZEDMIOTOWE W FORMIE NAZWY OGÓLNEJ LUB JEDNOSTKOWEJ | |
| Nazwa ogólna lub geograficzna | Szlifowanie |
| 650 #0 - HASŁO PRZEDMIOTOWE W FORMIE NAZWY OGÓLNEJ LUB JEDNOSTKOWEJ | |
| Nazwa ogólna lub geograficzna | Ściernica |
| 773 ## - TYTUŁ DOKUMENTU MACIERZYSTEGO | |
| Wyrażenie wprowadzające | W : |
| Tytuł | Powłoki ochronne. - |
| Informacje dotyczące relacji | 1989, R. 17, nr 1-2, s. 50-54 |
| 942 ## - HASŁO DODATKOWE - ELEMENTY(KOHA) | |
| Typ dokumentu | Artykuł |
| Schemat klasyfikacji | Uniwersalna klasyfikacja dziesiętna |
| Wycofany | Zagubiony | Uszkodzony | Dostępność | Lokalizacja stała | Lokalizacja bieżąca | Sygnatura | Typ dokumentu |
|---|---|---|---|---|---|---|---|
| Dostępny | Bibliografia Prac Pracowników - BPK | Bibliografia Prac Pracowników - BPK | 0676 | Artykuł |
